000 01003nam a2200229 i 4500
001 22135
003 ES-MaACL
005 20230906152628.0
007 t|
008 931119s1876 sp ||||1| spa d
080 _a061.21(461.1)Ateneo(047.32)
110 2 _aAteneo de Madrid.
_91875
245 1 0 _aReglamento del Ateneo Científico, Literario y Artístico de Madrid.
260 _aMadrid :
_b[s.n.,
_c1876] (
_fImprenta a cargo de Víctor Saiz)
300 _a15 p. ;
_c21 cm.
500 _aEn el verso de la portada: "Este reglamento fue aprobado por el señor Gobernador civil de la provincia en 4 de abril de 1876"
610 2 7 _aAteneo de Madrid-
_vEstatutos y reglamentos.
_91918
610 2 _aAteneo de Madrid-
_vObras digitalizadas.
_91930
852 _aES-MaACL
_jR-3045
_x Olim:T-274-F-9
_q. - Encuadernado con otras obras
852 _aES-MaACL
_jT-274-F-9
_q. - Ejemplar fotocopiado
856 4 _uhttp://www.ateneodemadrid.net/biblioteca_digital/folletos/Reglamento-1876.pdf
_zVer documento
999 _c22135
_d22135